00594cam a22001931 4500001001300000003000400013005001700017008004100034010001700075035002000092040001800112042001200130050002300142100003100165245006000196260005200256300001800308500007400326sa 65004565 DLC20260227112131.0890913s1964 io 000 0 ind  asa 65004565  a(OCoLC)23536839 aDLCcMiUdDLC apremarc00aDS644.2.1964b.A661 aAbdulgani, Roeslan,d1914-10aTerus bina kesatuan bangsa,coleh H. Roeslan Abdulgani. a[Djakarta]bDepartemen Peneranganc[cover 1964] a30 p.c22 cm. a"Keputusan Presiden Republik Indonesia no. 140 tahun 1963": p. 29-30.